000
00415 a2200133 4500
000
nam a22 7a 4500
100
_a
मीना
110
_a
मीना
245
_a
हिन्दी के महान साहित्यकार
250
_a
Latest edition
260
_b
बाबा पब्लिकेशन
_c
2025
264
_b
बाबा पब्लिकेशन
_c
2025
942
_c
BK
999
_c
396691
_d
396691